LEADER 00937nam a2200229 i 4500 001 000000066571 003 CaOOAMICUS 005 20130305000000.0 008 130305s1976 it u000 u ita u 013 $a37743 040 $aSeMil$bita 100 1 $aMelotti, Luigi.$0(OLS)http://semarc/name/18174 245 10$aMaria e la sua missione materna :$bsaggio di teologia mariana /$cLuigi Melotti. 260 $aLeumann (Torino) :$bElle Di Ci,$c1976. 300 $a183 p. ;$c22 cm. 500 $aContiene : Breve bibliografia generale. 650 4$aMariologia.$0(OLS)http://semarc/subject/451 850 $aSeMil 852 $aSeMil$W1$xVenegono$y1$m2L IV 251$j32724$B32724$CSeMilBibl$Z2$F32727 $81 961 $aOmaggio: Patti mons. Francesco 996 $6245$aMaria e la sua missione materna :$bsaggio di teologia mariana$9(OLS)http://semarc/title/105880 996 $6260$aLeumann (Torino) :$bElle Di Ci$9(OLS)http://semarc/publisher/29809 LEADER 00958nam a2200241 i 4500 001 000000110903 003 CaOOAMICUS 005 20021219000000.0 008 021219s1947 it u000 u ita u 013 $a83584 040 $aSeMil$bita 100 1 $aStefanini, Luigi,$d<1891-1956>.$0(OLS)http://semarc/name/1531 245 10$aGioberti /$cLuigi Stefanini. 260 $aMilano :$bFratelli Bocca,$cstampa 1947. 300 $a446 p. ;$c20 cm. 490 0 $aStoria della filosofia italiana ;$v18 600 14$aGioberti, Vincenzo <1801-1852>.$0(OLS)http://semarc/subject/4545 830 0$aStoria della filosofia italiana ;$v18.$0(OLS)http://semarc/title/10927 850 $aSeMil 852 $aSeMil$W1$xVenegono$y1$m194 2 18 *$j66760$B66760$CSeMilBibl$Z2$F73487 $81 961 $aRecupero: Biblioteca Seminario Liceale 996 $6245$aGioberti$9(OLS)http://semarc/title/161284 996 $6260$aMilano :$bFratelli Bocca$9(OLS)http://semarc/publisher/32243